Principles & applications of inorganic, organic & biological chemistry / (Record no. 15036)

000 -LEADER
fixed length control field 00644nam a2200205 a 4500
020 ## - INTERNATIONAL STANDARD BOOK NUMBER
ISBN 0697250032
040 ## - CATALOGING SOURCE
Transcribing agency DLC
082 00 - DEWEY DECIMAL CLASSIFICATION NUMBER
Classification number 540 BRO 1997 A063 Or.
100 1# - MAIN ENTRY--AUTHOR NAME
Personal name Caret, Robert L.,
245 10 - TITLE STATEMENT
Title Principles & applications of inorganic, organic & biological chemistry /
246 3# - VARYING FORM OF TITLE
Title proper/short title Principles and applications of inorganic, organic & biological chemistry
250 ## - EDITION STATEMENT
Edition statement 2nd ed.
260 ## - PUBLICATION, DISTRIBUTION, ETC. (IMPRINT)
Place of publication Dubuque, IA :
Name of publisher Wm. C. Brown Publishers,
Year of publication c1997.
300 ## - PHYSICAL DESCRIPTION
Number of Pages xiv, 711 p. :
Other physical details ill. (some col.) ;
Dimensions 29 cm.
500 ## - GENERAL NOTE
General note Includes index.
650 #0 - SUBJECT ADDED ENTRY--TOPICAL TERM
Topical Term Chemistry.
700 1# - ADDED ENTRY--PERSONAL NAME
Personal name Denniston, K. J.
700 1# - ADDED ENTRY--PERSONAL NAME
Personal name Topping, Joseph J.
942 ## - ADDED ENTRY ELEMENTS (KOHA)
Koha item type សៀវភៅភាសាអង់គ្លេស
952 ## - LOCATION AND ITEM INFORMATION (KOHA)
Withdrawn status [LOCAL, KOHA] 0
Holdings
Permanent Location Date acquired Koha item type Lost status Shelving location Barcode Current Location Full call number
Library Block A2017-11-02សៀវភៅភាសាអង់គ្លេស A063A07330Library Block A540 BRO 1997 A063 Or.
មជ្ឈមណ្ឌលឯការនៃសាកលវិទ្យាល័យភូមិន្ទកសិកម្មចំការដូង

Powered by Koha